Classic Rock Song Titles of the 1960's by Synonym - Statistics

General Stats
  • This quiz has been taken 189 times
  • The average score is 10 of 21
Answer Stats
Hint Answer % Correct
In the Manner of a Tumbling Rock Like a Rolling Stone
75%
(I'm Unable to Obtain Any) Desired Results (I Can't Get No) Satisfaction
73%
Enchanted Rug Commute Magic Carpet Ride
69%
Contort and Yell Twist and Shout
69%
Section of My Circulatory Pump Piece of My Heart
67%
You Truly Have Me You Really Got Me
64%
Leapin' John Short Interval of Light Jumpin' Jack Flash
61%
Domicile of the Ascending Star House of the Rising Sun
57%
Magenta Fog Purple Haze
57%
Evenings in Milky Silk Nights in White Satin
50%
Within the Solar Radiation of Your Warm Emotions In the Sunshine of Your Love
49%
Throughout the Length of the Elevated Guard Station All Along the Watchtower
44%
Pleasant Tremblings Good Vibrations
44%
Inferior Lunar Globe Going Up Bad Moon Rising
43%
A Random Person to Adore Somebody to Love
42%
All the People That Were Born Within a Few Years of Me My Generation
40%
Provide Me with Basic Lodgings Gimme Shelter
36%
The Total of the AM hours in Addition to the Total of the PM Hours All Day and All of the Night
33%
A Rotation of the Earth Not Spent in Death A Day in the Life
31%
About 13 Kilometers Tall Eight Miles High
22%
Lucifer Wearing an Infamous Outfit from Monica Lewinsky Devil with a Blue Dress On
18%
No matching quizzes found
Score Distribution
Percent of People with Each Score
Percentile by Number Answered
Your Score History
You have not taken this quiz